Loading...
| Fine Arts - Painting and Sculpture | 0 | 7 | 0 | 1 | 70 | 38 | 74.43 | 1 | 2 | 23.14 | 34.34 |
| Fine Arts - Other | 0 | 6 | 0 | 2 | 60 | 63 | 87.83 | 0 | 3 | 12.16 | 25.25 |
| Fine Arts - Classical Music | 0 | 7 | 3 | 1 | 55 | 31 | 77.86 | 0 | 2 | 21.11 | 35.35 |
| Philosophy | 0 | 5 | 1 | 1 | 45 | 38 | 77.00 | 0 | 2 | 15.08 | 27.16 |
| Literature - European | 0 | 4 | 0 | 0 | 40 | 60 | 98.75 | 0 | 0 | 5.36 | 7.07 |
| Literature - World | 0 | 4 | 1 | 1 | 35 | 49 | 89.75 | 0 | 1 | 7.82 | 14.14 |
| History - American | 0 | 4 | 1 | 0 | 35 | 26 | 64.00 | 2 | 3 | 15.51 | 26.26 |
| Science - Physics | 0 | 4 | 1 | 2 | 35 | 50 | 81.50 | 0 | 0 | 7.81 | 4.04 |
| Current Events | 0 | 3 | 0 | 0 | 30 | 50 | 68.67 | 0 | 2 | 22.00 | 42.22 |
| Literature - British | 0 | 3 | 0 | 1 | 30 | 68 | 84.33 | 0 | 0 | 7.00 | 7.07 |
| Mythology | 0 | 3 | 0 | 0 | 30 | 76 | 76.00 | 0 | 1 | 8.20 | 11.11 |
| Social Science | 0 | 3 | 1 | 0 | 25 | 62 | 64.00 | 2 | 3 | 16.00 | 34.72 |
| Literature - American | 0 | 3 | 1 | 0 | 25 | 60 | 96.33 | 0 | 0 | 5.76 | 8.08 |
| Religion | 0 | 2 | 0 | 0 | 20 | 50 | 82.00 | 0 | 1 | 6.03 | 8.08 |
| Science - Chemistry | 0 | 2 | 0 | 0 | 20 | 43 | 71.50 | 0 | 0 | 5.02 | 8.08 |
| History - Other | 0 | 2 | 0 | 0 | 20 | 68 | 86.00 | 0 | 0 | 4.24 | 6.06 |
| History - World | 0 | 2 | 0 | 0 | 20 | 20 | 31.50 | 1 | 2 | 12.84 | 16.16 |
| Science - Biology | 0 | 1 | 0 | 1 | 10 | 100 | 100.00 | 0 | 0 | 0.00 | 2.02 |
| Science - Other | 0 | 1 | 0 | 0 | 10 | 57 | 57.00 | 0 | 1 | 4.42 | 6.06 |